| 000 | 00421cam a2200169ua 4500 | ||
|---|---|---|---|
| 020 | _c1.50 | ||
| 041 |
_aeng _h |
||
| 082 |
_a828.09 _bMUL/ST |
||
| 100 | _aMullik, B.R. | ||
| 245 |
_aStudies in dramatists: vol-Xlll:BernardShaw / _cB R Mullik. _hTextual Documents |
||
| 260 |
_aNew Delhi : _bS.Chand and Co , _c1964. |
||
| 300 | _a98 ; . | ||
| 365 | _a1.50 | ||
| 504 | _a | ||
| 942 | _cBK | ||
| 999 |
_c12550 _d12550 |
||